000 01183nam a2200301 a 4500
001 ebr10623355
003 CaPaEBR
006 m u
007 cr cn|||||||||
008 121129s2007 enk sb 001 0deng d
020 _z9780719074240 (hardback)
020 _z9780719074257 (pbk.)
020 _z9781847791641 (e-book)
040 _aCaPaEBR
_cCaPaEBR
035 _a(OCoLC)808599878
050 1 4 _aPS3568.O855
_bZ545 2007eb
100 1 _aBrauner, David.
245 1 0 _aPhilip Roth
_h[electronic resource] /
_cDavid Brauner.
260 _aManchester :
_bManchester University Press,
_c2007.
300 _ax, 243 p.
440 0 _aContemporary American and Canadian writers
504 _aIncludes bibliographical references and index.
533 _aElectronic reproduction.
_bPalo Alto, Calif. :
_cebrary,
_d2011.
_nAvailable via World Wide Web.
_nAccess may be limited to ebrary affiliated libraries.
600 1 0 _aRoth, Philip
_xCriticism and interpretation.
655 7 _aElectronic books.
_2local
710 2 _aebrary, Inc.
856 4 0 _uhttp://site.ebrary.com/lib/rucke/Doc?id=10623355
_zAn electronic book accessible through the World Wide Web; click to view
999 _c159079
_d159079